01347cam a22003734i 4500003000900000005001700009008004100026020001800067020001500085035002700100040003300127082002100160100002700181245005000208264006900258300003900327336002100366337002500387338002300412490003100435505037300466526001000839526001000849526001000859526001000869526000800879526000800887526000800895526000800903526000800911526000800919526000800927630003800935PE-LiUPU20250731172845.0150616s1994 miu r 000 0 eng d a9780802836830 a0802836836 a(Sirsi) i9780802836830 aPE-LiUPUbspacPE-LiUPUerda04a225.07bPNTC2211 aCarson, D. A.,eautor.14aThe Gospel According to John /cD. A. Carson. 1aGrand Rapids, Michigan :bWm. B. Eerdmans Publishing Co.,c1994. a715 páginas ;c23 centímetros. atext2rdacontent aunmediated2rdamedia avolume2rdacarrier0 aA Pillar Commentary Series0 aSome distinctive characteristics of the gospel of John -- How John's gospel has been understood -- The authenticity of the fourth gospel -- The authorship of the fourth gospel -- The date and provenance of the fourth gospel -- The purpose of the gospel of John -- Some theological emphases in John -- Preaching from the fourth gospel -- The structure of John's gospel. aSEG42 aSEG41 aSEG40 aSEG39 aP94 aP87 aP86 aP85 aP77 aP76 aP35 aBiblia.pN.T.pJuanxComentarios.